000 00910nam a22003017a 4500
003 CHAP
005 20220329134326.0
008 971013s1982 r 00010 d
010 _a18793
011 _a19765
035 _a23850
040 _cCHAP
090 _aFolleto 8384
100 0 0 _aAlvarado, Alfonso.
_94845
245 _aGuía para el productor de maíz
260 _aPanamá :
_bInstituto de Investigación Agropecuaria de Panamá,
_c1982
300 _a13 p.
_b: ilus
490 _aPublicación divulgativa
590 _aBATCH-UPD
_b10
_c20130110
_lUCH01
_h1125
590 _aBATCH-UPD
_b10
_c20130410
_lUCH01
_h0715
590 _aBATCH-UPD
_b10
_c20130914
_lUCH01
_h1746
590 _aCONVERSION
_b10
_c20130109
_lUCH01
_h1311
650 1 4 _aMaíz.
_970848
830 0 _aPublicación divulgativa
_992759
901 _aBK
942 _cFOLL
949 _aFolleto 8384
_bBC
_cFOLL
_d-55285
_eTS1
_i23850
_si
999 _c18793
_d18793